000 00397nam a22001457a 4500
005 20250318160406.0
006 Continuing Resources
008 250318b |||||||| |||| 00| 0 eng d
040 _cMMSU
100 _aSubingsubing, Krixia
245 _aMarcos urged to bring PH back to ICC fold
260 _bPhilippine Daily Inquirer
_c07/05/2022
300 _aInformation file
942 _2lcc
_cCR
999 _c24857
_d24857